Is That Country Bigger/Smaller Than Iceland? - Statistics

General Stats
  • This quiz has been taken 31 times
    25 since last reset
  • The average score is 8 of 15
Answer Stats
Question Answer % Correct
Is Iceland bigger or smaller than Lithuania? Bigger
67%
Is Iceland bigger or smaller than South Korea? Bigger
67%
Is Iceland bigger or smaller than Bulgaria? Smaller
67%
Is Iceland bigger or smaller than Jordan? Bigger
61%
Is Iceland bigger or smaller than Sierra Leone? Bigger
61%
Is Iceland bigger or smaller than Ireland? Bigger
61%
Is Iceland bigger or smaller than Sri Lanka? Bigger
56%
Is Iceland bigger or smaller than Cambodia? Smaller
56%
Is Iceland bigger or smaller than Nepal? Smaller
50%
Is Iceland bigger or smaller than Eritrea? Smaller
50%
Is Iceland bigger or smaller than Honduras? Smaller
44%
Is Iceland bigger or smaller than Cuba? Smaller
39%
Is Iceland bigger or smaller than Portugal? Bigger
33%
Is Iceland bigger or smaller than Malawi? Smaller
33%
Is Iceland bigger or smaller than Suriname? Smaller
28%
No matching quizzes found
Score Distribution
Percent of People with Each Score
Percentile by Number Answered
Your Score History
You have not taken this quiz since the last reset